[Event "Skopje MKD"]
[Site "Skopje MKD"]
[Date "2014.03.31"]
[Round "4.99"]
[White "Ilic, Slobodan S"]
[Black "Karatrajkov, Nikola"]
[Result "0-1"]
[WhiteElo "2055"]
[BlackElo "1766"]
[PlyCount "112"]
[EventDate "2014.03.29"]
[EventType "swiss"]
[EventRounds "9"]

1. c4 e5 2. Nc3 Nc6 3. Nf3 Nf6 4. g3 Nd4 5. Bg2 Nxf3+ 6. Bxf3 Bb4 7. Qc2 c6 8.
O-O d6 9. Bg2 O-O 10. d3 h6 11. a3 Bxc3 12. Qxc3 Qe8 13. b4 Bg4 14. Re1 Rc8 15.
Bb2 Nd7 16. Rac1 Be6 17. d4 f6 18. Qd2 Nb6 19. Qd3 d5 20. cxd5 Bxd5 21. dxe5
Bxg2 22. Kxg2 fxe5 23. Qe4 Qf7 24. f3 Rce8 25. Rc5 Na4 26. Rc2 Nxb2 27. Rxb2
Qd5 28. Qxd5+ cxd5 29. Rd2 d4 30. e3 b5 31. Rd3 a6 32. h4 Kf7 33. exd4 exd4 34.
Re4 Rxe4 35. fxe4 Rd8 36. Rf3+ Ke6 37. Kf2 Rc8 38. Rf5 Rc2+ 39. Kf3 Rc3+ 40.
Kf4 Rxa3 41. Rd5 d3 42. g4 g6 43. Re5+ Kf7 44. Rd5 Rb3 45. Ke5 Ke7 46. Rd4 d2
47. Rxd2 Rxb4 48. Ra2 Ra4 49. Rc2 Rc4 50. Ra2 Rc6 51. Kd5 Rd6+ 52. Kc5 Re6 53.
Kd5 b4 54. Ra4 Rb6 55. Kc5 Rb5+ 56. Kc4 b3 0-1

[Event "Skopje MKD"]
[Site "Skopje MKD"]
[Date "2014.03.31"]
[Round "4.100"]
[White "Aydin, Kaan Ayhan"]
[Black "Schleich, Theodor"]
[Result "1-0"]
[WhiteElo "1795"]
[BlackElo "2052"]
[PlyCount "53"]
[EventDate "2014.03.29"]
[EventType "swiss"]
[EventRounds "9"]

1. d4 e6 2. Nf3 b6 3. g3 Bb7 4. Bg2 f5 5. O-O Nf6 6. c4 Be7 7. Nc3 Ne4 8. d5
Nxc3 9. bxc3 Bf6 10. Nd4 O-O 11. Ba3 Re8 12. Rc1 Qc8 13. Re1 Na6 14. e4 fxe4
15. Bxe4 Nc5 16. Bxc5 bxc5 17. Nb3 d6 18. dxe6 Bxe4 19. Rxe4 Rxe6 20. Qd5 Be5
21. Na5 Qe8 22. f4 c6 23. Nxc6 Rc8 24. Nxa7 Rc7 25. Nb5 Rf7 26. fxe5 Rxe5 27.
Rxe5 1-0

[Event "Skopje MKD"]
[Site "Skopje MKD"]
[Date "2014.03.31"]
[Round "4.101"]
[White "Rykov, Ivan"]
[Black "Mattes, Heinz"]
[Result "1-0"]
[WhiteElo "1783"]
[BlackElo "2043"]
[PlyCount "75"]
[EventDate "2014.03.29"]
[EventType "swiss"]
[EventRounds "9"]

1. d4 Nf6 2. c4 g6 3. Nc3 Bg7 4. Nf3 d6 5. Bf4 O-O 6. e3 Nbd7 7. h3 c6 8. Be2
Qa5 9. O-O e5 10. dxe5 dxe5 11. Bg3 Re8 12. Qc2 h6 13. a3 Qc5 14. b4 Qe7 15.
Rad1 a5 16. c5 axb4 17. axb4 Rf8 18. e4 Ne8 19. Bc4 b6 20. cxb6 Nxb6 21. Be2
Nd6 22. b5 cxb5 23. Nxb5 Nxb5 24. Bxb5 Bb7 25. Qb1 Rab8 26. Qd3 Rfd8 27. Qe3
Qc7 28. Rxd8+ Rxd8 29. Rc1 Qd6 30. Nxe5 Bxe5 31. Bxe5 Qxe5 32. Qxb6 Rb8 33. Rc7
Qa1+ 34. Kh2 Qe5+ 35. g3 Qxe4 36. Bc6 Bxc6 37. Qxb8+ Kg7 38. Qb2+ 1-0

[Event "Skopje MKD"]
[Site "Skopje MKD"]
[Date "2014.03.31"]
[Round "4.103"]
[White "Can, Isik"]
[Black "Spelec, Darko"]
[Result "1/2-1/2"]
[WhiteElo "1762"]
[BlackElo "2033"]
[PlyCount "108"]
[EventDate "2014.03.29"]
[EventType "swiss"]
[EventRounds "9"]

1. e4 e6 2. d4 d5 3. Nc3 Nc6 4. Nf3 Nf6 5. Bd3 Bb4 6. e5 Ne4 7. Bd2 Nxd2 8.
Qxd2 Ne7 9. a3 Bxc3 10. Qxc3 Ng6 11. g3 O-O 12. h4 f6 13. O-O-O f5 14. Rdg1 b6
15. h5 Ne7 16. Nh4 Bd7 17. g4 c5 18. gxf5 Nxf5 19. Nxf5 exf5 20. dxc5 Be6 21.
cxb6 Qxb6 22. Qb4 Qc7 23. Qd6 Qxd6 24. exd6 Rad8 25. Re1 Rxd6 26. f4 Kf7 27.
Re5 Kf6 28. Rg1 g6 29. Re3 d4 30. Rh3 Bd5 31. Re1 Re6 32. Rxe6+ Kxe6 33. hxg6
hxg6 34. Rh7 Rf7 35. Rxf7 Kxf7 36. Kd2 Kf6 37. c4 dxc3+ 38. Kxc3 g5 39. fxg5+
Kxg5 40. Kd4 Bb3 41. Kc3 Bd5 42. b4 f4 43. Kd4 Bb3 44. Be2 Kh4 45. Kc5 Ba4 46.
b5 Kg3 47. Kb4 Kf2 48. Bh5 Bc2 49. Ka5 Ke3 50. Ka6 Ba4 51. Ka5 Bc2 52. a4 f3
53. Bxf3 Kxf3 54. Kb4 Ke4 1/2-1/2

[Event "Skopje MKD"]
[Site "Skopje MKD"]
[Date "2014.03.31"]
[Round "4.105"]
[White "Arda, Cagil Irmak"]
[Black "Markovski, Velo"]
[Result "0-1"]
[WhiteElo "1753"]
[BlackElo "2017"]
[PlyCount "90"]
[EventDate "2014.03.29"]
[EventType "swiss"]
[EventRounds "9"]

1. e4 e6 2. d4 d5 3. Nd2 Nf6 4. e5 Nfd7 5. Bd3 c5 6. c3 cxd4 7. cxd4 Qb6 8. Ne2
Nc6 9. Nf3 Bb4+ 10. Bd2 Bxd2+ 11. Qxd2 Qb4 12. a3 Qxd2+ 13. Nxd2 Nb6 14. O-O
Bd7 15. Rac1 Ke7 16. b4 Rhc8 17. Nb3 Na4 18. Rc2 Nd8 19. Rfc1 Rxc2 20. Rxc2 Rc8
21. Rxc8 Bxc8 22. Nec1 Bd7 23. Kf1 Nb2 24. Ke2 b6 25. Ba6 g5 26. g3 Ba4 27. Kf3
Nc6 28. Bb7 Nc4 29. Bxc6 Bxc6 30. Kg4 f6 31. exf6+ Kxf6 32. Ne2 Nxa3 33. Na1
Bb5 34. Ng1 Bd3 35. Kh5 Nb5 36. Nh3 Nxd4 37. Nxg5 Nc2 38. Nxc2 Bxc2 39. Kh6 a5
40. bxa5 bxa5 41. Nxh7+ Bxh7 42. Kxh7 a4 43. h4 a3 44. g4 a2 45. g5+ Ke5 0-1

[Event "Skopje MKD"]
[Site "Skopje MKD"]
[Date "2014.03.31"]
[Round "4.106"]
[White "Silivri, Volkan Resat"]
[Black "Bejatovic, Bojana"]
[Result "0-1"]
[WhiteElo "1670"]
[BlackElo "2016"]
[PlyCount "92"]
[EventDate "2014.03.29"]
[EventType "swiss"]
[EventRounds "9"]

1. e4 Nf6 2. e5 Nd5 3. c4 Nb6 4. d4 d6 5. exd6 exd6 6. Nc3 Nc6 7. h3 Be7 8. Nf3
Bf5 9. d5 Ne5 10. Nd4 Bg6 11. Be2 O-O 12. b3 Bf6 13. Bb2 Re8 14. O-O Nbd7 15.
Na4 Nc5 16. Nxc5 dxc5 17. f4 cxd4 18. fxe5 Bxe5 19. Bd3 Qg5 20. Qf3 Bh5 21. Bc1
Qh4 22. g4 Bg6 23. Bd2 Bd6 24. Rae1 Qg3+ 25. Qxg3 Bxg3 26. Bxg6 hxg6 27. Rxe8+
Rxe8 28. Rf3 Re2 29. Rd3 Be5 30. Kf1 Rh2 31. a4 b6 32. Kg1 Re2 33. b4 Kf8 34.
a5 Ke7 35. axb6 axb6 36. b5 Kd7 37. Kf1 Rh2 38. Kg1 Re2 39. Kf1 Re4 40. Kf2 f5
41. Kf3 Ke7 42. Bb4+ Kf6 43. Bd2 Bd6 44. Rb3 d3 45. Rxd3 Rxc4 46. g5+ Kf7 0-1

[Event "Skopje MKD"]
[Site "Skopje MKD"]
[Date "2014.03.31"]
[Round "4.110"]
[White "Veljanoski, Andrej"]
[Black "Georgieva, Emilia"]
[Result "1-0"]
[WhiteElo "1531"]
[BlackElo "1921"]
[PlyCount "101"]
[EventDate "2014.03.29"]
[EventType "swiss"]
[EventRounds "9"]

1. e4 c6 2. d4 d5 3. e5 Bf5 4. Bd3 Bxd3 5. Qxd3 Qa5+ 6. Bd2 Qa6 7. Qxa6 Nxa6 8.
Ne2 e6 9. c3 c5 10. O-O b6 11. a3 Ne7 12. Be3 Nf5 13. Nd2 Be7 14. Bf4 g5 15.
Be3 Kd7 16. Ng3 h5 17. Nxf5 exf5 18. f4 g4 19. g3 h4 20. Kg2 h3+ 21. Kf2 Rhc8
22. Rac1 Rc7 23. Nb3 Rac8 24. Ke2 Nb8 25. Rc2 a5 26. dxc5 Bxc5 27. Bxc5 bxc5
28. Nxa5 c4 29. Rd1 Ke6 30. b4 Ra7 31. Rcd2 Rd7 32. Rd4 Re8 33. a4 f6 34. Kf2
fxe5 35. fxe5 Rf8 36. Ke3 Kxe5 37. Nxc4+ Kf6 38. Nb6 Re8+ 39. Kf2 Rd6 40. Nxd5+
Kf7 41. Ne3 Rde6 42. R1d3 Nc6 43. Rd6 Kg6 44. Nc4 Kg5 45. Rxe6 Rxe6 46. Rd6
Rxd6 47. Nxd6 Ne5 48. a5 Nf3 49. a6 Nxh2 50. a7 Nf3 51. a8=Q 1-0

[Event "Skopje MKD"]
[Site "Skopje MKD"]
[Date "2014.03.31"]
[Round "4.111"]
[White "Kosteski, Mile"]
[Black "Angjelovski, Daniel"]
[Result "0-1"]
[WhiteElo "1452"]
[BlackElo "1913"]
[PlyCount "70"]
[EventDate "2014.03.29"]
[EventType "swiss"]
[EventRounds "9"]

1. e4 c5 2. c4 Nc6 3. Nf3 g6 4. d4 cxd4 5. Nxd4 Bg7 6. Nxc6 bxc6 7. Qc2 d6 8.
Nc3 Nf6 9. Bd3 O-O 10. O-O Ng4 11. h3 Ne5 12. b3 Qa5 13. Bb2 Rb8 14. Kh1 f5 15.
exf5 Nxd3 16. Qxd3 Bxf5 17. Qd2 Rbd8 18. Rfd1 Bc8 19. f3 Qh5 20. Ne4 Bxh3 21.
gxh3 Qxf3+ 22. Qg2 Qxg2+ 23. Kxg2 Bxb2 24. Rab1 Be5 25. Ng5 Rf6 26. c5 Rdf8 27.
Ne4 Rf4 28. Ng5 Rf2+ 29. Kh1 Rxa2 30. cxd6 exd6 31. Rbc1 Rff2 32. Rxc6 Rh2+ 33.
Kg1 Rhg2+ 34. Kh1 Rxg5 35. Rc8+ Kg7 0-1

[Event "Skopje MKD"]
[Site "Skopje MKD"]
[Date "2014.03.31"]
[Round "4.112"]
[White "Peev, Kosta"]
[Black "Okuyaz, Duru"]
[Result "1-0"]
[WhiteElo "1786"]
[BlackElo "1678"]
[PlyCount "101"]
[EventDate "2014.03.29"]
[EventType "swiss"]
[EventRounds "9"]

1. d4 d5 2. Nf3 Nf6 3. e3 e6 4. Bd3 c5 5. b3 Nc6 6. Bb2 Bd6 7. Nbd2 Qc7 8. O-O
O-O 9. dxc5 Bxc5 10. Bxf6 gxf6 11. e4 dxe4 12. Nxe4 Be7 13. Qe2 f5 14. Ng3 Qf4
15. Bb5 Nd4 16. Nxd4 Qxd4 17. Rad1 Qg4 18. Qe5 Qg7 19. Qc7 Bh4 20. Rfe1 Qg6 21.
Be2 Qg5 22. Bf3 Qe7 23. Qxe7 Bxe7 24. Nxf5 Bb4 25. Re4 exf5 26. Rxb4 a5 27. Rb5
Ra6 28. a4 Re8 29. h3 Kg7 30. Rdd5 Re1+ 31. Kh2 Rc1 32. Rdc5 Be6 33. Bxb7 Ra7
34. f3 Kg8 35. Bd5 Bxd5 36. Rxd5 Rxc2 37. Rxa5 Re7 38. Rxf5 h6 39. Rfe5 Rd7 40.
Rad5 Rb7 41. Re3 Rb2 42. Rdd3 Rc7 43. f4 Kg7 44. Rd5 Kf6 45. Rd6+ Kf5 46. Kg3
f6 47. Rd5+ Kg6 48. f5+ Kg5 49. h4+ Kh5 50. Kh3 Rcc2 51. g4# 1-0

[Event "Skopje MKD"]
[Site "Skopje MKD"]
[Date "2014.04.01"]
[Round "5.2"]
[White "Bok, Benjamin"]
[Black "Rozentalis, Eduardas"]
[Result "1/2-1/2"]
[WhiteElo "2575"]
[BlackElo "2623"]
[PlyCount "25"]
[EventDate "2014.03.29"]
[EventType "swiss"]
[EventRounds "9"]

1. e4 e6 2. d4 d5 3. Nd2 c5 4. exd5 exd5 5. Ngf3 c4 6. b3 cxb3 7. axb3 Bd6 8.
Bd3 Nc6 9. O-O Nge7 10. Re1 O-O 11. Nf1 Bf5 12. Ne3 Bg6 13. Ba3 1/2-1/2

[Event "Skopje MKD"]
[Site "Skopje MKD"]
[Date "2014.04.01"]
[Round "5.4"]
[White "Tkachiev, Vladislav"]
[Black "Bachmann, Axel"]
[Result "1/2-1/2"]
[WhiteElo "2623"]
[BlackElo "2575"]
[PlyCount "27"]
[EventDate "2014.03.29"]
[EventType "swiss"]
[EventRounds "9"]

1. Nf3 d5 2. d4 e6 3. c4 c6 4. Qc2 dxc4 5. Qxc4 Nf6 6. Bg5 b5 7. Qc2 Bb7 8. e3
Nbd7 9. Be2 a6 10. a4 Be7 11. O-O O-O 12. Nbd2 Rc8 13. Qb1 h6 14. Bh4 1/2-1/2

[Event "Skopje MKD"]
[Site "Skopje MKD"]
[Date "2014.04.01"]
[Round "5.5"]
[White "Damljanovic, Branko"]
[Black "Markus, Robert"]
[Result "1/2-1/2"]
[WhiteElo "2566"]
[BlackElo "2608"]
[PlyCount "30"]
[EventDate "2014.03.29"]
[EventType "swiss"]
[EventRounds "9"]

1. c4 Nf6 2. Nc3 g6 3. Nf3 Bg7 4. e4 d6 5. d4 O-O 6. Be2 e5 7. O-O c6 8. Re1
Nbd7 9. Bf1 exd4 10. Nxd4 Re8 11. f3 a6 12. Be3 Ne5 13. Rc1 b5 14. b3 c5 15.
Nc2 bxc4 1/2-1/2

[Event "Skopje MKD"]
[Site "Skopje MKD"]
[Date "2014.04.01"]
[Round "5.6"]
[White "Antipov, Mikhail Al"]
[Black "Predojevic, Borki"]
[Result "1/2-1/2"]
[WhiteElo "2507"]
[BlackElo "2607"]
[PlyCount "143"]
[EventDate "2014.03.29"]
[EventType "swiss"]
[EventRounds "9"]

1. e4 e6 2. d4 d5 3. Nd2 c5 4. Ngf3 cxd4 5. exd5 Qxd5 6. Bc4 Qd6 7. O-O Nf6 8.
Nb3 Nc6 9. Nbxd4 Nxd4 10. Nxd4 Be7 11. c3 O-O 12. Qf3 Qc7 13. Bb3 a5 14. Re1
Bd7 15. Bg5 a4 16. Bc2 Ra5 17. h4 h6 18. Bf4 e5 19. Bg3 Bd6 20. Nf5 Bxf5 21.
Qxf5 Qb6 22. Rad1 Bb8 23. b4 axb3 24. Bxb3 e4 25. Qh3 Rc5 26. Re3 Bxg3 27. Qxg3
Rd8 28. Rb1 Qc7 29. Qxc7 Rxc7 30. Rd1 Rxd1+ 31. Bxd1 Kf8 32. a4 Rd7 33. Be2 Nd5
34. Rxe4 Nxc3 35. Re3 Nxe2+ 36. Rxe2 Rd1+ 37. Kh2 Rd4 38. Rb2 Rxh4+ 39. Kg3
Rxa4 40. Rxb7 h5 41. Kf3 h4 42. Rb8+ Ke7 43. g3 h3 44. Rh8 g5 45. Ke3 g4 46. f3
f5 47. fxg4 fxg4 48. Kf2 Kf6 49. Kg1 Ke5 50. Rg8 Re4 51. Rd8 Rd4 52. Re8+ Kd5
53. Kh2 Re4 54. Rd8+ Kc4 55. Rd7 Rd4 56. Re7 Kd3 57. Re8 Re4 58. Rf8 Ke2 59.
Rf7 Ke1 60. Rf8 Re2+ 61. Kh1 Re3 62. Kh2 Re2+ 63. Kh1 Rg2 64. Rf1+ Ke2 65. Re1+
Kf2 66. Re2+ Kf3 67. Re3+ Kf2 68. Re2+ Kxg3 69. Re3+ Kh4 70. Rxh3+ Kg5 71. Kxg2
gxh3+ 72. Kxh3 1/2-1/2

[Event "Skopje MKD"]
[Site "Skopje MKD"]
[Date "2014.04.01"]
[Round "5.7"]
[White "Drazic, Sinisa"]
[Black "Grandelius, Nils"]
[Result "1/2-1/2"]
[WhiteElo "2415"]
[BlackElo "2600"]
[PlyCount "104"]
[EventDate "2014.03.29"]
[EventType "swiss"]
[EventRounds "9"]

1. Nf3 c5 2. c3 d5 3. d4 e6 4. Bf4 Nc6 5. e3 Nf6 6. h3 Bd6 7. Bxd6 Qxd6 8. Nbd2
O-O 9. Bd3 e5 10. dxe5 Nxe5 11. Nxe5 Qxe5 12. O-O Be6 13. Re1 Rad8 14. Qa4 Qc7
15. Rac1 b6 16. a3 h6 17. b4 Rfe8 18. bxc5 bxc5 19. Rb1 Rb8 20. Rxb8 Rxb8 21.
Rb1 Rxb1+ 22. Bxb1 Qb6 23. Qc2 Kf8 24. Qc1 Qb5 25. Bc2 Qe2 26. Nb3 Nd7 27. Qb1
Qc4 28. Qb2 Nb6 29. Nc1 Bd7 30. Bd3 Qa4 31. Be2 Qc6 32. Nd3 Qb5 33. Qc1 Qa5 34.
Ne5 Be8 35. Bf3 Na4 36. c4 dxc4 37. Qxc4 Qe1+ 38. Kh2 Qxf2 39. Nc6 Bxc6 40.
Bxc6 Nb6 41. Qxc5+ Kg8 42. a4 Qf6 43. Bf3 Qe6 44. a5 Nc4 45. Qxa7 Qe5+ 46. Kg1
Qa1+ 47. Kh2 Qe5+ 48. Kg1 Qa1+ 49. Kf2 Qb2+ 50. Be2 Qf6+ 51. Kg1 Qa1+ 52. Kf2
Qf6+ 1/2-1/2

[Event "Skopje MKD"]
[Site "Skopje MKD"]
[Date "2014.04.01"]
[Round "5.8"]
[White "Donchenko, Alexander"]
[Black "Kozul, Zdenko"]
[Result "0-1"]
[WhiteElo "2463"]
[BlackElo "2586"]
[PlyCount "102"]
[EventDate "2014.03.29"]
[EventType "swiss"]
[EventRounds "9"]

1. c4 Nf6 2. g3 c6 3. Nf3 d5 4. Bg2 g6 5. b3 Bg7 6. Bb2 O-O 7. O-O Bg4 8. d3
Bxf3 9. Bxf3 Re8 10. d4 Ne4 11. Qc2 f5 12. Nc3 e6 13. Rad1 Nd7 14. Bg2 Nxc3 15.
Bxc3 a5 16. a4 h5 17. f3 Nf6 18. e4 dxe4 19. fxe4 Ng4 20. Rf3 Qc7 21. c5 Red8
22. e5 Qd7 23. Re1 Kh7 24. Bf1 Nh6 25. Bc4 Ng8 26. Re2 Ne7 27. Qd2 Bh6 28. Qe1
Rf8 29. h3 Kg7 30. Kg2 g5 31. Bxa5 g4 32. Rd3 Rf7 33. Bd2 Rh8 34. Qc1 Ng6 35.
Bxh6+ Rxh6 36. Qg5 gxh3+ 37. Kxh3 Kh7 38. Kh2 Rg7 39. Qe3 h4 40. g4 fxg4 41.
Rd1 Rf7 42. Bd3 Kg7 43. Qg5 g3+ 44. Kh3 Qe7 45. Qxe7 Nxe7 46. Re4 Rf2 47. Rg4+
Kh8 48. Rh1 g2 49. Rd1 Nd5 50. Rxh4 Rxh4+ 51. Kxh4 Rd2 0-1

[Event "Skopje MKD"]
[Site "Skopje MKD"]
[Date "2014.04.01"]
[Round "5.9"]
[White "Berkes, Ferenc"]
[Black "Pancevski, Filip"]
[Result "1/2-1/2"]
[WhiteElo "2687"]
[BlackElo "2466"]
[PlyCount "83"]
[EventDate "2014.03.29"]
[EventType "swiss"]
[EventRounds "9"]

1. d4 g6 2. c4 Bg7 3. Nc3 d6 4. Nf3 e5 5. dxe5 dxe5 6. Qxd8+ Kxd8 7. Bd2 Be6 8.
O-O-O Nd7 9. Ng5 Bxc4 10. e4 Be6 11. Nxe6+ fxe6 12. Bc4 Ke7 13. Nb5 Bh6 14.
Bxe6 Nc5 15. Bxg8 Bxd2+ 16. Rxd2 Rhxg8 17. Rc2 Nd3+ 18. Kd2 Nxf2 19. Rxc7+ Ke6
20. Rhc1 Nxe4+ 21. Ke3 a6 22. Kxe4 axb5 23. Rxb7 Ra4+ 24. Ke3 Rxa2 25. Rxb5 Rd8
26. Rcc5 Kf6 27. Rb6+ Kf5 28. Rc7 Ra1 29. Rf7+ Kg5 30. Rxh7 Re1+ 31. Kf2 Re4
32. Kf3 Rc4 33. Ke3 Rdd4 34. g3 e4 35. Rb3 Rb4 36. Rb7 Rd3+ 37. Rxd3 Rxb7 38.
Rd2 Kf5 39. Rd5+ Kg4 40. Rd2 Kf5 41. Rd5+ Kg4 42. Rd2 1/2-1/2

[Event "Skopje MKD"]
[Site "Skopje MKD"]
[Date "2014.04.01"]
[Round "5.11"]
[White "Smirnov, Artem"]
[Black "Iturrizaga Bonelli, Eduardo"]
[Result "1/2-1/2"]
[WhiteElo "2445"]
[BlackElo "2645"]
[PlyCount "36"]
[EventDate "2014.03.29"]
[EventType "swiss"]
[EventRounds "9"]

1. d4 e6 2. c4 Nf6 3. Nc3 Bb4 4. e3 d5 5. Qa4+ Nc6 6. Nf3 Bd7 7. Qc2 dxc4 8.
Bxc4 Bd6 9. O-O O-O 10. b3 e5 11. dxe5 Nxe5 12. Nxe5 Bxe5 13. Ba3 c5 14. Rad1
Qa5 15. Nd5 Bg4 16. f3 Be6 17. Nxf6+ Bxf6 18. Bxe6 Qxa3 1/2-1/2

[Event "Skopje MKD"]
[Site "Skopje MKD"]
[Date "2014.04.01"]
[Round "5.12"]
[White "Sanal, Vahap"]
[Black "Delchev, Aleksander"]
[Result "1/2-1/2"]
[WhiteElo "2442"]
[BlackElo "2638"]
[PlyCount "155"]
[EventDate "2014.03.29"]
[EventType "swiss"]
[EventRounds "9"]

1. e4 d5 2. exd5 Qxd5 3. Nc3 Qd6 4. d4 c6 5. Ne4 Qe6 6. Qe2 Nf6 7. Nxf6+ Qxf6
8. Be3 Bf5 9. g4 Bd7 10. Bg2 Na6 11. Nh3 Nb4 12. Ng5 Nd5 13. Ne4 Qg6 14. h3 h5
15. Nc5 hxg4 16. Nxd7 Kxd7 17. hxg4 Rxh1+ 18. Bxh1 e6 19. O-O-O Bd6 20. Bd2 Rh8
21. Be4 Nf4 22. Qf3 Qf6 23. Qb3 Kc8 24. Be3 Nd5 25. Bxd5 exd5 26. c4 Qf3 27.
cxd5 cxd5 28. Kb1 Kb8 29. g5 Qe4+ 30. Qc2 Qxc2+ 31. Kxc2 g6 32. Kd3 Kc7 33. Ke2
Kd7 34. Kf3 Ke6 35. Kg4 Rc8 36. Rc1 Rc7 37. a3 Rc6 38. Re1 Kd7 39. f4 Rc7 40.
Re2 Rc8 41. Rh2 Re8 42. Kf3 Ke6 43. Kg4 Bc7 44. Rh7 Bb6 45. Rh6 Kd7 46. Kf3 Re4
47. Rh7 Ke6 48. f5+ gxf5 49. Rh6+ Ke7 50. Rh7 Re6 51. Rh8 Bc7 52. Bf4 Bxf4 53.
Kxf4 Re4+ 54. Kxf5 Rxd4 55. Rb8 b6 56. Rb7+ Kf8 57. Rxa7 Rd2 58. b4 d4 59. Ra6
b5 60. Ra5 d3 61. Ke4 Rd1 62. Rxb5 d2 63. Ke3 Ra1 64. Kxd2 Rxa3 65. Re5 Kg7 66.
Kc2 f6 67. gxf6+ Kxf6 68. Re1 Kf5 69. b5 Ra5 70. Rb1 Ke6 71. Kc3 Kd7 72. Kb4
Ra8 73. Kc5 Kc7 74. Rf1 Rh8 75. Rf7+ Kb8 76. Kb6 Rh6+ 77. Ka5 Ka8 78. Rf8+
1/2-1/2

[Event "Skopje MKD"]
[Site "Skopje MKD"]
[Date "2014.04.01"]
[Round "5.13"]
[White "Romanov, Evgeny"]
[Black "Stojanovski, Dejan"]
[Result "1/2-1/2"]
[WhiteElo "2636"]
[BlackElo "2436"]
[PlyCount "58"]
[EventDate "2014.03.29"]
[EventType "swiss"]
[EventRounds "9"]

1. c4 c5 2. Nf3 Nf6 3. g3 g6 4. Bg2 Bg7 5. Nc3 O-O 6. O-O Nc6 7. d4 cxd4 8.
Nxd4 Nxd4 9. Qxd4 d6 10. Qd3 a6 11. Bg5 h6 12. Bf4 Rb8 13. Rac1 b5 14. c5 g5
15. Be3 dxc5 16. Qxd8 Rxd8 17. Bxc5 Rd7 18. Rfd1 b4 19. Na4 Rxd1+ 20. Rxd1 Bd7
21. b3 Bb5 22. e4 e6 23. Bd6 Rd8 24. Rd2 Bf8 25. e5 Bxd6 26. exf6 Bc7 27. Rxd8+
Bxd8 28. Bf1 Bxa4 29. bxa4 a5 1/2-1/2

[Event "Skopje MKD"]
[Site "Skopje MKD"]
[Date "2014.04.01"]
[Round "5.14"]
[White "Tosic, Miroslav"]
[Black "Ivanisevic, Ivan"]
[Result "0-1"]
[WhiteElo "2426"]
[BlackElo "2633"]
[PlyCount "59"]
[EventDate "2014.03.29"]
[EventType "swiss"]
[EventRounds "9"]

1. c4 e5 2. Nc3 Nc6 3. Nf3 f5 4. d3 Nf6 5. Bg5 Bb4 6. g3 Bxc3+ 7. bxc3 O-O 8.
Bg2 d6 9. Nd2 Qe8 10. Qb3 Kh8 11. c5 dxc5 12. Qb5 Nd7 13. Nb3 f4 14. Nxc5 a6
15. Qc4 Nb6 16. Qb3 h6 17. h4 Qf7 18. Qxf7 Rxf7 19. gxf4 exf4 20. Be4 Kg8 21.
Kd2 hxg5 22. hxg5 Bf5 23. Bf3 Re8 24. Rh4 Ne5 25. Rxf4 Nxf3+ 26. exf3 Re5 27.
Ne4 Nd5 28. Rh4 Bxe4 29. Rah1 Rxf3 30. dxe4 0-1

[Event "Skopje MKD"]
[Site "Skopje MKD"]
[Date "2014.04.01"]
[Round "5.15"]
[White "Georgiev, Kiril"]
[Black "Dastan, Batuhan Muhammed"]
[Result "1/2-1/2"]
[WhiteElo "2625"]
[BlackElo "2416"]
[PlyCount "136"]
[EventDate "2014.03.29"]
[EventType "swiss"]
[EventRounds "9"]

1. d4 d5 2. c4 c6 3. Nf3 Nf6 4. Nc3 dxc4 5. a4 e6 6. e3 c5 7. Bxc4 cxd4 8. exd4
Nc6 9. O-O Be7 10. Qe2 O-O 11. Rd1 Nd5 12. Be3 Ncb4 13. Ne5 b6 14. Nxd5 exd5
15. Bb3 f6 16. Nf3 Ba6 17. Qd2 Rc8 18. Rdc1 Bc4 19. Bxc4 dxc4 20. Qe2 Qd5 21.
Nd2 Nd3 22. Rc2 f5 23. Nxc4 Rxc4 24. Qxd3 Rxc2 25. Qxc2 f4 26. Bd2 Qxd4 27.
Qb3+ Kh8 28. Bc3 Qc5 29. Rd1 Bh4 30. Rd4 Qf5 31. Qd1 Bf6 32. Rd5 Qg6 33. Rd6 h6
34. h3 Qf5 35. Bxf6 Rxf6 36. Rd5 Qe4 37. Rd4 Qf5 38. Qf3 a5 39. b3 Kh7 40. Kh2
Qc2 41. Rd8 Qf5 42. Rd5 Qc2 43. Re5 Rf5 44. Re6 b5 45. Rc6 Qb1 46. Qg4 Re5 47.
Qxf4 Qf5 48. Qxf5+ Rxf5 49. Kg3 Rd5 50. Rc3 Rd4 51. axb5 Rb4 52. f4 Rxb5 53.
Re3 g5 54. Kg4 gxf4 55. Kxf4 Kg6 56. g4 Rb4+ 57. Kg3 h5 58. Kh4 hxg4 59. hxg4
a4 60. bxa4 Rxa4 61. Re6+ Kg7 62. Kh5 Ra5+ 63. g5 Ra7 64. Rg6+ Kh7 65. Rf6 Kg7
66. Rb6 Rc7 67. Rb5 Ra7 68. Rf5 Ra1 1/2-1/2

[Event "Skopje MKD"]
[Site "Skopje MKD"]
[Date "2014.04.01"]
[Round "5.16"]
[White "Kanmazalp, Ogulcan"]
[Black "Peralta, Fernando"]
[Result "0-1"]
[WhiteElo "2416"]
[BlackElo "2613"]
[PlyCount "91"]
[EventDate "2014.03.29"]
[EventType "swiss"]
[EventRounds "9"]

1. e4 e6 2. d4 d5 3. Nd2 c5 4. exd5 Qxd5 5. Ngf3 cxd4 6. Bc4 Qd7 7. O-O Nc6 8.
Nb3 Nf6 9. Nbxd4 Nxd4 10. Qxd4 Qxd4 11. Nxd4 Bd7 12. Bf4 Rc8 13. Bb3 Bc5 14.
Rad1 O-O 15. c3 Rfd8 16. Rfe1 b5 17. Nf3 Bc6 18. Rxd8+ Rxd8 19. Rd1 Rc8 20. Ne5
Bd5 21. Kf1 a5 22. Bxd5 Nxd5 23. Bg3 f6 24. Nd3 g5 25. Nxc5 Rxc5 26. Ke2 Kf7
27. h4 g4 28. Rd4 h5 29. f3 gxf3+ 30. gxf3 e5 31. Re4 a4 32. a3 Ke6 33. Kd3 Nb6
34. Kc2 Nc4 35. Re2 Rd5 36. Be1 Kf5 37. b3 axb3+ 38. Kxb3 Kf4 39. a4 Na5+ 40.
Kb4 Nc6+ 41. Ka3 bxa4 42. Kxa4 f5 43. Rg2 Kxf3 44. Rg6 Rc5 45. Rg5 f4 46. Bd2
0-1

[Event "Skopje MKD"]
[Site "Skopje MKD"]
[Date "2014.04.01"]
[Round "5.17"]
[White "Kohlweyer, Bernd"]
[Black "Vovk, Andrey"]
[Result "0-1"]
[WhiteElo "2416"]
[BlackElo "2605"]
[PlyCount "74"]
[EventDate "2014.03.29"]
[EventType "swiss"]
[EventRounds "9"]

1. d4 Nf6 2. c4 g6 3. Nc3 Bg7 4. e4 d6 5. Be2 O-O 6. Nf3 e5 7. d5 a5 8. Be3 Na6
9. Nd2 Nd7 10. O-O f5 11. exf5 gxf5 12. f3 Nf6 13. Re1 Bd7 14. Rc1 Qe8 15. Bf1
Qg6 16. a3 Bh6 17. Bxh6 Qxh6 18. b4 axb4 19. axb4 Nxb4 20. c5 dxc5 21. Nb3 b6
22. d6 c6 23. Rxe5 Rfe8 24. Rxe8+ Rxe8 25. Qd2 Qxd2 26. Nxd2 b5 27. Nb3 c4 28.
Na5 Re6 29. Bxc4 bxc4 30. Nxc4 Nd3 31. Rd1 Ne5 32. Nb6 Nf7 33. Nc4 Bc8 34. Na4
Ba6 35. Nab6 Nd7 36. Nxd7 Bxc4 37. Nb6 Rxd6 0-1

[Event "Skopje MKD"]
[Site "Skopje MKD"]
[Date "2014.04.01"]
[Round "5.18"]
[White "Valsecchi, Alessio"]
[Black "Nevednichy, Vladislav"]
[Result "1/2-1/2"]
[WhiteElo "2407"]
[BlackElo "2591"]
[PlyCount "93"]
[EventDate "2014.03.29"]
[EventType "swiss"]
[EventRounds "9"]

1. e4 c5 2. Nf3 d6 3. d4 cxd4 4. Nxd4 Nf6 5. Nc3 Nc6 6. Bg5 e6 7. Qd2 a6 8.
O-O-O Bd7 9. f3 Be7 10. g4 h5 11. gxh5 Nxh5 12. Be3 Nf6 13. Qg2 g6 14. f4 Nxd4
15. Bxd4 Bc6 16. Bc4 Rg8 17. Rhe1 Qa5 18. Qf2 Qh5 19. Bxf6 Bxf6 20. Nd5 Bh4 21.
Qd4 O-O-O 22. Qa7 exd5 23. exd5 Bb5 24. Bxb5 axb5 25. Re3 Bf6 26. a4 bxa4 27.
Re4 Bxb2+ 28. Kxb2 Qxd1 29. Qa8+ Kc7 30. Re7+ Rd7 31. Qa5+ Kb8 32. Rxd7 Qd4+
33. c3 Qc4 34. Qb4 Qxb4+ 35. cxb4 Rh8 36. b5 Rh3 37. Rxd6 Rb3+ 38. Ka2 Rxb5 39.
Ka3 Ra5 40. Rf6 b5 41. Rxf7 Ra6 42. Rf8+ Kc7 43. Rf7+ Kc8 44. Rf8+ Kc7 45. Rf7+
Kc8 46. Rf8+ Kc7 47. Rf7+ 1/2-1/2

[Event "Skopje MKD"]
[Site "Skopje MKD"]
[Date "2014.04.01"]
[Round "5.19"]
[White "Roiz, Michael"]
[Black "Roeder, Mathias"]
[Result "1-0"]
[WhiteElo "2591"]
[BlackElo "2416"]
[PlyCount "81"]
[EventDate "2014.03.29"]
[EventType "swiss"]
[EventRounds "9"]

1. e4 d5 2. exd5 Qxd5 3. Nc3 Qd6 4. d4 Nf6 5. Nf3 c6 6. h3 Bf5 7. g4 Bg6 8. Ne5
Nfd7 9. Nxg6 hxg6 10. Ne4 Qe6 11. Qe2 Nf6 12. Nxf6+ exf6 13. Bf4 Kd7 14. Be3
Qd5 15. Rg1 Na6 16. Bg2 Qa5+ 17. c3 Nc7 18. Qc4 Nd5 19. b4 Qc7 20. Bxd5 cxd5
21. Qxd5+ Ke8 22. Qb5+ Kd8 23. c4 a6 24. Qd5+ Qd7 25. Qxd7+ Kxd7 26. Ke2 b5 27.
c5 Kc6 28. a4 Be7 29. Ra2 bxa4 30. Rxa4 Kd5 31. Rga1 Rab8 32. Rh1 Ra8 33. Rha1
Rab8 34. Rxa6 Rxb4 35. Ra7 Rb2+ 36. Kd3 Rhb8 37. Rd7+ Ke6 38. Raa7 R8b3+ 39.
Ke4 f5+ 40. Kf3 fxg4+ 41. Kxg4 1-0